-
Seminario de Ingeniería Industrial 13:
Entrada Nombre de reunión
Número de registros utilizados en: 1
001 - NÚMERO DE CONTROL
003 - IDENTIFICADOR DEL NÚMERO DE CONTROL
- campo de control:
DR-UNIBE
005 - FECHA Y HORA DE LA ÚLTIMA TRANSACCIÓN
- campo de control:
20251211094900.0
008 - DATOS DE LONGITUD FIJA
- campo de control de longitud fija:
251211|| aca||aabn | a|a d
040 ## - FUENTE DE LA CATALOGACIÓN
- Centro catalogador/agencia de origen:
DR-UNIBE
- Centro/agencia transcriptor:
DR-UNIBE
111 ## - ENCABEZAMIENTO--NOMBRE DE CONGRESO/REUNIÓN
- Nombre de congreso/reunión o jurisdicción como elemento de entrada:
Seminario de Ingeniería Industrial 13:
- Sede del congreso/Lugar de la reunión:
Teatro Universitario, PUCMM Santiago de los Caballero. República Dominicana
- Fecha del congreso/reunión:
8 al 10 de mar
670 ## - FUENTE DE DATOS ENCONTRADOS
- Cita de la fuente:
Work cat.: (DR-UNIBE)40962: 143207, Ingenio humano: eje de la producción de bienes y servicios, 2000